00477nam a2200169Ia 450000500170000000800410001702000180005804100080007608200130008410000210009724500660011826000260018430000110021050000240022165000230024570000390026820230420170813.0230125s9999 xx 000 0 und d a81-293-0063-X aeng a823bSWA aSwami Ramsukhdas aSrimad BhagavadgitabSadhaka-Sanjivani [with Appendix] Vol.1  bGita PressaGorakhpur a1035 p aEnglish Literature  aEnglish Literature aSwami Ramsukhdas & S.D.Tupe, Donor